000 00525nam a2200181Ia 4500
003 IN-BaIIA
008 211028s9999 xx 000 0 eng d
040 _cIIA Library
080 _a531
_bAPP-5
100 _aAppell, Paul
_92618
245 0 _aTraite de mecanique rationnelle
_bvol. V
_cPaul Appell
260 _aParis
_bGauthier Villars
_c1945
300 _aviii, 198p.
650 _aClassical Mechanics
_91541
650 _aMechanics
650 _aNASA Thesaurus
942 _cBK
999 _c1246
_d1246